[Event "World Youth U-16 Olympiad 2018"]
[Site "Konya"]
[Date "2018.11.26"]
[Round "2"]
[White "Eng, Jia Qian"]
[Black "Mitsis, Georgios"]
[Result "0-1"]
[WhiteElo "1942"]
[BlackElo "2350"]
[Annotator "TA"]
[PlyCount "146"]
[EventDate "2018.11.25"]
[EventType "team-tourn"]
[EventCountry "TUR"]
[SourceTitle "playchess.com"]
[Source "ChessBase"]
[SourceQuality "1"]
[WhiteTeam "Malaysia"]
[BlackTeam "Greece"]
[WhiteTeamCountry "MAS"]
[BlackTeamCountry "GRE"]

1. d4 Nf6 2. c4 e6 3. g3 c5 4. d5 d6 5. Bg2 exd5 6. cxd5 g6 7. Nf3 Bg7 8. O-O O-O 9. Nc3 Re8 10. Nd2 a6 11. a4 Nbd7 12. Nc4 Ne5 13. Nxe5 Rxe5 14. Re1 Re8 15. h3 Rb8 16. a5 b5 17. axb6 Rxb6 18. e4 Rb4 19. Qc2 Nd7 20. Bd2 Ne5 21. Nd1 Rc4 22. Bc3 Bxh3 23. Ne3 Rd4 24. Bxh3 Nf3+ 25. Kg2 Nxe1+ 26. Rxe1 Rdxe4 27. Bxg7 Kxg7 28. Qc3+ Qf6 29. Qxf6+ Kxf6 30. Kf3 Kg7 31. Ra1 Rb4 32. Rxa6 Rd8 33. Ra2 Rdb8 34. Bf1 Rxb2 35. Rxb2 Rxb2 36. Nc4 Rb3+ 37. Ke2 Kf6 38. Nxd6 Ke5 39. Nxf7+ Kxd5 40. Ng5 c4 41. Bg2+ Kc5 42. Ne6+ Kb4 43. Be4 c3 44. Nd4 Rb2+ 45. Bc2 Kc4 46. Ke3 Rb8 47. Bd3+ Kc5 48. Ne6+ Kb4 49. Nd4 Re8+ 50. Be4 Kc4 51. f3 Re7 52. Nc2 Kb3 53. Nd4+ Kc4 54. Nc2 Rd7 55. Kf4 Kb3 56. g4 Rd2 57. Ne3 Re2 58. Bd3 Re1 59. Ke4 h5 60. gxh5 gxh5 61. Kf4 h4 62. Bc2+ Kb2 63. Bf5 h3 64. Ng4 Rg1 65. Nh2 c2 66. Bxc2 Kxc2 67. Ke3 Rg2 68. Nf1 h2 69. Nxh2 Rxh2 70. f4 Kc3 71. Ke4 Kc4 72. Ke5 Kc5 73. Ke6 Re2+ 0-1

[Event "World Youth U-16 Olympiad 2018"]
[Site "Konya"]
[Date "2018.11.26"]
[Round "2"]
[White "Verbin, Valentina"]
[Black "Srdanovic, Jovana"]
[Result "1-0"]
[WhiteElo "1936"]
[BlackElo "2072"]
[Annotator "NA"]
[PlyCount "57"]
[EventDate "2018.11.25"]
[EventType "team-tourn"]
[EventCountry "TUR"]
[SourceTitle "playchess.com"]
[Source "ChessBase"]
[SourceQuality "1"]
[WhiteTeam "Moldova"]
[BlackTeam "Serbia"]
[WhiteTeamCountry "MDA"]
[BlackTeamCountry "SRB"]

1. e4 e5 2. Nf3 Nc6 3. Bc4 Bc5 4. c3 d6 5. d4 exd4 6. cxd4 Bb6 7. O-O h6 8. d5 Ne5 9. Bb5+ Bd7 10. Bxd7+ Qxd7 11. Nd4 O-O-O 12. a4 a6 13. b4 Ne7 14. Nc3 Qg4 15. f3 Qg6 16. a5 Ba7 17. b5 Qf6 18. Kh1 Nd7 19. Be3 Nc5 20. Rb1 Kd7 21. b6 cxb6 22. axb6 Bb8 23. Na4 Rc8 24. Ne2 Ng6 25. Bd4 Qe7 26. Ng3 Nh4 27. e5 Qg5 28. f4 Qe7 29. Rc1 1-0

[Event "World Youth U-16 Olympiad 2018"]
[Site "Konya"]
[Date "2018.11.26"]
[Round "2"]
[White "Kuhar, Larisa"]
[Black "Sade, Defne"]
[Result "0-1"]
[WhiteElo "1916"]
[BlackElo "1888"]
[Annotator "NA"]
[PlyCount "56"]
[EventDate "2018.11.25"]
[EventType "team-tourn"]
[EventCountry "TUR"]
[SourceTitle "playchess.com"]
[Source "ChessBase"]
[SourceQuality "1"]
[WhiteTeam "Slovenia"]
[BlackTeam "Turkey"]
[WhiteTeamCountry "SLO"]
[BlackTeamCountry "TUR"]

1. e4 e5 2. Nf3 Nc6 3. Bb5 a6 4. Bxc6 dxc6 5. O-O f6 6. d4 Bg4 7. c3 Qe7 8. dxe5 fxe5 9. Be3 Nf6 10. Nbd2 O-O-O 11. Qc2 h6 12. a4 Qe8 13. b4 Bd6 14. Rfb1 Qg6 15. Ne1 Bd7 16. f3 Qh5 17. c4 g5 18. b5 c5 19. bxa6 bxa6 20. Nd3 g4 21. Nxc5 Bxc5 22. Bxc5 Bc6 23. Be7 gxf3 24. Bxf6 Rhg8 25. g3 f2+ 26. Kg2 Qe2 27. Rf1 Rxd2 28. Qc1 Bxe4+ 0-1

[Event "World Youth U-16 Olympiad 2018"]
[Site "Konya"]
[Date "2018.11.26"]
[Round "2"]
[White "Duran, Esma Doga"]
[Black "Hercog, Nusa"]
[Result "1-0"]
[WhiteElo "1908"]
[BlackElo "2017"]
[Annotator "NA"]
[PlyCount "46"]
[EventDate "2018.11.25"]
[EventType "team-tourn"]
[EventCountry "TUR"]
[SourceTitle "playchess.com"]
[Source "ChessBase"]
[SourceQuality "1"]
[WhiteTeam "Turkey"]
[BlackTeam "Slovenia"]
[WhiteTeamCountry "TUR"]
[BlackTeamCountry "SLO"]

1. d4 Nf6 2. c4 e6 3. Nf3 d5 4. Nbd2 c6 5. e3 Nbd7 6. Bd3 Be7 7. O-O O-O 8. b3 b6 9. Bb2 Bb7 10. Qe2 c5 11. cxd5 Nxd5 12. Ne5 Nxe5 13. dxe5 Nb4 14. Be4 Bxe4 15. Nxe4 Qc7 16. f4 Rad8 17. Qh5 Nc2 18. Nf6+ Bxf6 19. exf6 Rd5 20. Be5 Nxe3 21. Qg5 g6 22. Rf3 Rxe5 23. fxe5 Nf5 1-0

[Event "World Youth U-16 Olympiad 2018"]
[Site "Konya"]
[Date "2018.11.26"]
[Round "2"]
[White "Tezayak, Matthias"]
[Black "Serikbay, Assel"]
[Result "1-0"]
[WhiteElo "1887"]
[BlackElo "2222"]
[Annotator "TA"]
[PlyCount "99"]
[EventDate "2018.11.25"]
[EventType "team-tourn"]
[EventCountry "TUR"]
[SourceTitle "playchess.com"]
[Source "ChessBase"]
[SourceQuality "1"]
[WhiteTeam "Switzerland"]
[BlackTeam "Kazakhstan"]
[WhiteTeamCountry "SUI"]
[BlackTeamCountry "KAZ"]

1. e4 c5 2. Nf3 e6 3. d4 cxd4 4. Nxd4 a6 5. Bd3 Nf6 6. Nc3 Qc7 7. Qe2 d6 8. f4 Nbd7 9. Nf3 Nc5 10. O-O Be7 11. e5 Nfd7 12. Kh1 O-O 13. f5 Nxd3 14. cxd3 exf5 15. Nd5 Qd8 16. e6 Nf6 17. exf7+ Rxf7 18. Nxe7+ Rxe7 19. Qf2 Bd7 20. Bg5 Qf8 21. Qb6 Ree8 22. Bxf6 Qxf6 23. Qxb7 Be6 24. b3 a5 25. Qc6 Bf7 26. Rac1 h6 27. d4 Kh7 28. Rfe1 Rac8 29. Qxc8 Rxc8 30. Rxc8 Bd5 31. Rc7 Bxf3 32. gxf3 Qxd4 33. Rg1 d5 34. Rcxg7+ Qxg7 35. Rxg7+ Kxg7 36. Kg2 Kf6 37. f4 Ke6 38. Kf3 Kd6 39. Ke3 Kc5 40. a3 h5 41. h4 d4+ 42. Kd3 Kd5 43. b4 a4 44. b5 Kc5 45. b6 Kxb6 46. Kxd4 Kb5 47. Kd5 Ka5 48. Ke5 Kb5 49. Kxf5 Kc4 50. Kg6 1-0

[Event "World Youth U-16 Olympiad 2018"]
[Site "Konya"]
[Date "2018.11.26"]
[Round "2"]
[White "Pipiras, Filipa Fortuna"]
[Black "Gorti, Akshita"]
[Result "0-1"]
[WhiteElo "1860"]
[BlackElo "2308"]
[Annotator "NA RC"]
[PlyCount "116"]
[EventDate "2018.11.25"]
[EventType "team-tourn"]
[EventCountry "TUR"]
[SourceTitle "playchess.com"]
[Source "ChessBase"]
[SourceQuality "1"]
[WhiteTeam "Portugal"]
[BlackTeam "United States"]
[WhiteTeamCountry "POR"]
[BlackTeamCountry "USA"]

1. d4 e6 2. c4 Nf6 3. Nf3 d5 4. Nc3 a6 5. cxd5 exd5 6. Bg5 Be6 7. e3 Nbd7 8. Bd3 Bd6 9. Qc2 h6 10. Bf4 Qe7 11. O-O Bg4 12. Nd2 O-O 13. Rac1 Rfe8 14. h3 Be6 15. Rfe1 Rac8 16. Nf3 c5 17. Qd2 c4 18. Bxd6 Qxd6 19. Bb1 b5 20. Rcd1 Rb8 21. a3 a5 22. e4 dxe4 23. Nxe4 Nxe4 24. Bxe4 Nf6 25. Qxa5 Bxh3 26. Bb1 Bg4 27. Rxe8+ Nxe8 28. Qc3 Qf6 29. Rd2 Bxf3 30. Qxf3 Qxf3 31. gxf3 Nd6 32. Kf1 Kf8 33. Re2 g6 34. f4 b4 35. axb4 Rxb4 36. Rc2 Ke7 37. Kg2 Kf6 38. Ba2 Ra4 39. Bb1 Ra1 40. Rc1 h5 41. Rd1 Ra4 42. Rd2 Ra1 43. Rd1 Ra5 44. Rd2 Rb5 45. Ba2 Rf5 46. Rc2 Rxf4 47. Bxc4 Rxd4 48. Be2 Ke5 49. Bf3 Nf5 50. Rc5+ Kf4 51. Bd5 Nd6 52. Bf3 Rd3 53. Be2 Rd2 54. Bf3 Rxb2 55. Rd5 Nf5 56. Rd7 Nh4+ 57. Kf1 Kxf3 58. Rxf7+ Nf5 0-1

[Event "World Youth U-16 Olympiad 2018"]
[Site "Konya"]
[Date "2018.11.26"]
[Round "2"]
[White "Prasitsoonthorn, Teerachoti"]
[Black "Boubendir, Nesrine"]
[Result "0-1"]
[WhiteElo "1849"]
[BlackElo "1467"]
[Annotator "NA RC"]
[PlyCount "136"]
[EventDate "2018.11.25"]
[EventType "team-tourn"]
[EventCountry "TUR"]
[SourceTitle "playchess.com"]
[Source "ChessBase"]
[SourceQuality "1"]
[WhiteTeam "Thailand"]
[BlackTeam "Algeria"]
[WhiteTeamCountry "THA"]
[BlackTeamCountry "ALG"]

1. c4 e5 2. g3 Nf6 3. Bg2 d5 4. cxd5 Nxd5 5. Nc3 Nb6 6. Nf3 Nc6 7. d3 Be7 8. O-O O-O 9. a3 Be6 10. Be3 Bf6 11. Ne4 Nd7 12. d4 exd4 13. Nxf6+ Nxf6 14. Nxd4 Nxd4 15. Bxd4 c6 16. Rc1 Re8 17. e3 Bd5 18. Bxf6 Qxf6 19. Bxd5 cxd5 20. Qxd5 Qb6 21. b4 Rad8 22. Qc5 Qa6 23. b5 Qa5 24. Qc7 Qxb5 25. Rfd1 Rxd1+ 26. Rxd1 h6 27. Qd7 Qxd7 28. Rxd7 Rb8 29. Kg2 g6 30. Kf3 Kg7 31. Ke4 Kf8 32. Ke5 Re8+ 33. Kd6 Re6+ 34. Kc7 Ra6 35. Rd3 b6 36. Kc6 Ra5 37. f4 Rc5+ 38. Kb7 Ra5 39. g4 Ke7 40. h4 f6 41. e4 Ke6 42. Kc6 Rc5+ 43. Kb7 Ra5 44. Rc3 Rc5 45. Rd3 Ra5 46. Kc8 Ra4 47. Re3 g5 48. fxg5 fxg5 49. hxg5 hxg5 50. Kb7 Ke5 51. Ka8 Kf4 52. Re1 Ke5 53. Re3 b5 54. Kb7 a5 55. Kb6 b4 56. axb4 Rxb4+ 57. Kxa5 Rxe4 58. Rg3 Kf4 59. Rg1 Kf3 60. Kb5 Rxg4 61. Ra1 Re4 62. Kc5 g4 63. Kd5 Re2 64. Kd4 g3 65. Ra3+ Kf2 66. Ra1 g2 67. Kd3 Re1 68. Ra8 Rd1+ 0-1

[Event "World Youth U-16 Olympiad 2018"]
[Site "Konya"]
[Date "2018.11.26"]
[Round "2"]
[White "Saparova, Sitora"]
[Black "Malicka, Maria"]
[Result "0-1"]
[WhiteElo "1848"]
[BlackElo "2013"]
[Annotator "NA RC"]
[PlyCount "78"]
[EventDate "2018.11.25"]
[EventType "team-tourn"]
[EventCountry "TUR"]
[SourceTitle "playchess.com"]
[Source "ChessBase"]
[SourceQuality "1"]
[WhiteTeam "Uzbekistan"]
[BlackTeam "Poland"]
[WhiteTeamCountry "UZB"]
[BlackTeamCountry "POL"]

1. e4 e5 2. Nf3 Nc6 3. Bc4 Bc5 4. c3 Nf6 5. d4 exd4 6. cxd4 Bb4+ 7. Bd2 Nxe4 8. Bxb4 Nxb4 9. Bxf7+ Kxf7 10. Qb3+ d5 11. Ne5+ Ke6 12. Qxb4 Qf8 13. Qxf8 Rxf8 14. Nc3 Nxc3 15. bxc3 Kd6 16. O-O Bf5 17. Rfe1 c6 18. a4 Rae8 19. Ra2 Re7 20. Rb2 Rc8 21. Rbe2 Rce8 22. Rb2 c5 23. dxc5+ Kxc5 24. Rb5+ Kd6 25. f4 Rc8 26. Rd1 Rc5 27. c4 Be4 28. Rb4 Rec7 29. Kf2 g5 30. g3 gxf4 31. gxf4 Ke6 32. Ke3 Rg7 33. Rd2 b6 34. Re2 Rg1 35. Kd2 Kf5 36. Rf2 Ra1 37. Ke3 Rd1 38. Ke2 Rc1 39. cxd5 R5c2+ 0-1

[Event "World Youth U-16 Olympiad 2018"]
[Site "Konya"]
[Date "2018.11.26"]
[Round "2"]
[White "Cheikh-Boukal, Ziyad"]
[Black "Oflaz, Avni"]
[Result "1-0"]
[WhiteElo "1830"]
[BlackElo "1361"]
[Annotator "NA"]
[PlyCount "109"]
[EventDate "2018.11.25"]
[EventType "team-tourn"]
[EventCountry "TUR"]
[SourceTitle "playchess.com"]
[Source "ChessBase"]
[SourceQuality "1"]
[WhiteTeam "Algeria"]
[BlackTeam "Turkey"]
[WhiteTeamCountry "ALG"]
[BlackTeamCountry "TUR"]

1. d4 d5 2. Bf4 Bf5 3. c4 c6 4. Qb3 Qb6 5. c5 Qxb3 6. axb3 Nd7 7. Nc3 e5 8. dxe5 Bxc5 9. Nf3 Ne7 10. e3 Ng6 11. Bg3 O-O 12. Nd4 Bxd4 13. exd4 f6 14. f4 Rfe8 15. Be2 fxe5 16. fxe5 a6 17. O-O Rf8 18. b4 Be6 19. Rfd1 Ne7 20. Na4 Nf5 21. Bf2 Rf7 22. Nc5 Nxc5 23. bxc5 Raf8 24. Ra3 Nh6 25. Rf3 Bg4 26. Rxf7 Rxf7 27. Bxg4 Nxg4 28. Rd2 Rf4 29. Bg3 Re4 30. Rd3 Re3 31. Rd2 Kf7 32. Kf1 Ke6 33. Bf4 Re4 34. g3 h6 35. h3 g5 36. Bxg5 hxg5 37. hxg4 Rxg4 38. Kg2 Re4 39. Kf3 g4+ 40. Kg2 Ke7 41. Kf2 Ke6 42. Rd3 Kf5 43. Re3 Ke6 44. Rxe4 dxe4 45. Ke3 Kd5 46. b4 Kc4 47. e6 Kxb4 48. e7 a5 49. e8=Q a4 50. Qxe4 Kb3 51. Qb1+ Ka3 52. Qb6 Ka2 53. Kd2 a3 54. Kc2 Ka1 55. Qb1# 1-0

[Event "World Youth U-16 Olympiad 2018"]
[Site "Konya"]
[Date "2018.11.26"]
[Round "2"]
[White "Mhango, Banele"]
[Black "Muradli, Mahammad"]
[Result "0-1"]
[WhiteElo "1828"]
[BlackElo "2420"]
[Annotator "TA"]
[PlyCount "122"]
[EventDate "2018.11.25"]
[EventType "team-tourn"]
[EventCountry "TUR"]
[SourceTitle "playchess.com"]
[Source "ChessBase"]
[SourceQuality "1"]
[WhiteTeam "South Africa"]
[BlackTeam "Azerbaijan"]
[WhiteTeamCountry "RSA"]
[BlackTeamCountry "AZE"]

1. d4 d6 2. Nf3 g6 3. g3 Bg7 4. Bg2 Nf6 5. O-O O-O 6. c4 Nc6 7. Nc3 a6 8. h3 Re8 9. e4 e5 10. Be3 exd4 11. Nxd4 Nxd4 12. Bxd4 Be6 13. b3 c5 14. Be3 Qd7 15. Kh2 Rab8 16. Rc1 b5 17. cxb5 axb5 18. e5 dxe5 19. Bxc5 e4 20. Qe2 Qd3 21. Rfd1 Qxe2 22. Nxe2 Ra8 23. Nc3 Nd7 24. Bd4 b4 25. Na4 Bh6 26. Rc7 f5 27. Bf1 Rac8 28. Rxd7 Bxd7 29. Nc5 Be6 30. Bb5 Re7 31. Nxe6 Rxe6 32. Bd7 Rec6 33. Bxc8 Rxc8 34. Rb1 Bc1 35. Bb2 Bd2 36. Bd4 Rd8 37. Bb6 Rc8 38. Bd4 Rd8 39. Bb6 Ra8 40. Rb2 Bc3 41. Rc2 Kf7 42. Be3 Ke6 43. Kg2 Ra6 44. Kf1 Rd6 45. a3 Rd1+ 46. Kg2 bxa3 47. Rxc3 a2 48. Rc6+ Kd7 49. Ra6 a1=Q 50. Rxa1 Rxa1 51. b4 Rb1 52. Bc5 Kc6 53. h4 h5 54. Kh2 Kb5 55. Kg2 Kc4 56. Bd6 Kd3 57. Bc5 Ke2 58. b5 Rxb5 59. Be3 Rb3 60. Bd4 Rf3 61. Bc5 f4 0-1

[Event "World Youth U-16 Olympiad 2018"]
[Site "Konya"]
[Date "2018.11.26"]
[Round "2"]
[White "Aydin, Gulenay"]
[Black "Moran, Hugh"]
[Result "1-0"]
[WhiteElo "1791"]
[BlackElo "1498"]
[Annotator "NA RC"]
[PlyCount "95"]
[EventDate "2018.11.25"]
[EventType "team-tourn"]
[EventCountry "TUR"]
[SourceTitle "playchess.com"]
[Source "ChessBase"]
[SourceQuality "1"]
[WhiteTeam "Turkey"]
[BlackTeam "Ireland"]
[WhiteTeamCountry "TUR"]
[BlackTeamCountry "IRL"]

1. e4 e6 2. d4 d5 3. Nd2 dxe4 4. Nxe4 Nf6 5. Nxf6+ gxf6 6. Nf3 b6 7. Be2 Bb7 8. O-O Bd6 9. c3 Nd7 10. Re1 Qe7 11. Be3 O-O-O 12. Nd2 f5 13. Bf3 Nf6 14. Bxb7+ Kxb7 15. Qf3+ Kb8 16. Bg5 Rhg8 17. Bxf6 Qxf6 18. Nc4 Rg7 19. Kh1 Qh4 20. Nxd6 Rxd6 21. h3 Rg4 22. Kg1 Rf4 23. Qg3 Qxg3 24. fxg3 Re4 25. Rxe4 fxe4 26. Kf2 Kc8 27. Ke3 f5 28. Rf1 Rd7 29. g4 fxg4 30. hxg4 Rg7 31. Rf4 Kd7 32. Kxe4 Kd6 33. b3 c6 34. c4 b5 35. c5+ Ke7 36. b4 Rg6 37. a3 a6 38. Kf3 Rg5 39. Kg3 Rg6 40. Re4 Kf6 41. Kf4 h6 42. Re5 Rg7 43. Rh5 Rg6 44. Rxh6 Kf7 45. Rxg6 Kxg6 46. Ke5 Kg5 47. Kxe6 Kxg4 48. Kd6 1-0

[Event "World Youth U-16 Olympiad 2018"]
[Site "Konya"]
[Date "2018.11.26"]
[Round "2"]
[White "Leffad, Samy"]
[Black "Pheephacharakan, Pinatpong"]
[Result "0-1"]
[WhiteElo "1776"]
[BlackElo "1860"]
[Annotator "NA RC"]
[PlyCount "110"]
[EventDate "2018.11.25"]
[EventType "team-tourn"]
[EventCountry "TUR"]
[SourceTitle "playchess.com"]
[Source "ChessBase"]
[SourceQuality "1"]
[WhiteTeam "Algeria"]
[BlackTeam "Thailand"]
[WhiteTeamCountry "ALG"]
[BlackTeamCountry "THA"]

1. d4 Nf6 2. c4 c5 3. d5 b5 4. cxb5 a6 5. bxa6 g6 6. Nc3 Bxa6 7. e4 Bxf1 8. Kxf1 d6 9. Nf3 Bg7 10. g3 O-O 11. Kg2 Nbd7 12. Re1 Qa5 13. a4 Rfb8 14. Ra2 Ng4 15. Bg5 Kf8 16. Nd2 Nge5 17. Qe2 Qa6 18. Qxa6 Rxa6 19. Re2 Nd3 20. Ndb1 Rb4 21. f3 Nb6 22. Kf1 Nxa4 23. Nxa4 Rbxa4 24. Rxa4 Rxa4 25. Nc3 Rb4 26. Rc2 Nxb2 27. Ke2 Rb3 28. Nb1 c4 29. Nd2 Rb4 30. Be3 c3 31. Nf1 Nc4 32. Bc1 Ke8 33. Ne3 Nb2 34. Nd1 Na4 35. Kd3 Nc5+ 36. Ke2 Rb3 37. Ne3 Na6 38. Ra2 Rb2+ 39. Bxb2 cxb2 40. Rxa6 b1=Q 41. Rc6 Bd4 42. Nd1 Bc5 43. Rc8+ Kd7 44. Ra8 Qc2+ 45. Ke1 Bb4+ 46. Kf1 Qxd1+ 47. Kg2 Qe2+ 48. Kh3 f6 49. Ra7+ Ke8 50. Ra8+ Kf7 51. Rh8 h5 52. Rh7+ Ke8 53. Rh8+ Kd7 54. Rb8 g5 55. Rxb4 Qf1# 0-1

[Event "World Youth U-16 Olympiad 2018"]
[Site "Konya"]
[Date "2018.11.26"]
[Round "2"]
[White "Maycock Bates, David Henry"]
[Black "Haile, Batel Goitom"]
[Result "1-0"]
[WhiteElo "1773"]
[BlackElo "1622"]
[Annotator "NA RC"]
[PlyCount "63"]
[EventDate "2018.11.25"]
[EventType "team-tourn"]
[EventCountry "TUR"]
[SourceTitle "playchess.com"]
[Source "ChessBase"]
[SourceQuality "1"]
[WhiteTeam "Mexico"]
[BlackTeam "Iceland"]
[WhiteTeamCountry "MEX"]
[BlackTeamCountry "ISL"]

1. e4 c5 2. Nf3 d6 3. d4 cxd4 4. Nxd4 Nf6 5. Nc3 a6 6. Bc4 g6 7. Be3 Bg7 8. f3 Bd7 9. Qd2 Nc6 10. h4 h5 11. O-O-O Qc7 12. Bb3 Na5 13. Kb1 Nc4 14. Bxc4 Qxc4 15. Bg5 e6 16. Nde2 O-O-O 17. Qxd6 Bc6 18. Qf4 Rxd1+ 19. Rxd1 Nd7 20. Qxf7 Bxc3 21. Nxc3 Nc5 22. Qf6 Re8 23. Rd8+ Kc7 24. Qf7+ Kb6 25. Rxe8 Bxe8 26. Qxe8 Qf1+ 27. Bc1 Qxg2 28. b4 Nxe4 29. Qxe6+ Nd6 30. Qxd6+ Ka7 31. Be3+ Ka8 32. Qd8# 1-0

[Event "World Youth U-16 Olympiad 2018"]
[Site "Konya"]
[Date "2018.11.26"]
[Round "2"]
[White "Benrekia, Yacine"]
[Black "Gedik, Kerem Bilge"]
[Result "1-0"]
[WhiteElo "1689"]
[BlackElo "1211"]
[Annotator "NA RC"]
[PlyCount "84"]
[EventDate "2018.11.25"]
[EventType "team-tourn"]
[EventCountry "TUR"]
[SourceTitle "playchess.com"]
[Source "ChessBase"]
[SourceQuality "1"]
[WhiteTeam "Algeria"]
[BlackTeam "Turkey"]
[WhiteTeamCountry "ALG"]
[BlackTeamCountry "TUR"]

1. d4 Nf6 2. c4 e5 3. dxe5 Ng4 4. Nf3 Bc5 5. e3 Nc6 6. Nc3 Ngxe5 7. Be2 O-O 8. O-O a5 9. b3 d6 10. Bb2 Be6 11. Ne4 Nxf3+ 12. Bxf3 Bb6 13. Ng3 Qg5 14. Nh5 Ne5 15. Nf4 Ng6 16. Nxg6 fxg6 17. Bxb7 Rae8 18. Bd4 Bxd4 19. Qxd4 Re7 20. Bc6 h5 21. h4 Qf6 22. Qxf6 gxf6 23. Rad1 g5 24. hxg5 fxg5 25. Bd5 Kg7 26. Bxe6 Rxe6 27. Rd5 Re5 28. Rxe5 dxe5 29. Rd1 Kf6 30. Rd5 a4 31. bxa4 Ke6 32. a5 Ra8 33. f4 gxf4 34. exf4 exf4 35. Rxh5 Rb8 36. Rb5 Ra8 37. Kf2 c6 38. Rh5 Rb8 39. Rh6+ Kd7 40. a6 Rb2+ 41. Kf3 Rxa2 42. a7 Rxa7 1-0

[Event "World Youth U-16 Olympiad 2018"]
[Site "Konya"]
[Date "2018.11.26"]
[Round "2"]
[White "Golsta, Ramona"]
[Black "Bulatova, Kamaliya"]
[Result "0-1"]
[WhiteElo "1681"]
[BlackElo "2108"]
[Annotator "NA RC"]
[PlyCount "46"]
[EventDate "2018.11.25"]
[EventType "team-tourn"]
[EventCountry "TUR"]
[SourceTitle "playchess.com"]
[Source "ChessBase"]
[SourceQuality "1"]
[WhiteTeam "Latvia"]
[BlackTeam "Russia"]
[WhiteTeamCountry "LAT"]
[BlackTeamCountry "RUS"]

1. d4 Nf6 2. Nf3 e6 3. Bg5 h6 4. Bh4 c5 5. e3 cxd4 6. Nxd4 a6 7. a4 Be7 8. Be2 Nc6 9. O-O d5 10. Nd2 O-O 11. c3 e5 12. Nxc6 bxc6 13. Qc2 Be6 14. Rfd1 Nd7 15. Bg3 f5 16. f4 Bc5 17. Nf1 Qb6 18. Qd2 a5 19. Rab1 Rab8 20. fxe5 f4 21. Bh4 g5 22. Be1 fxe3 23. Qc1 Bf5 0-1

[Event "World Youth U-16 Olympiad 2018"]
[Site "Konya"]
[Date "2018.11.26"]
[Round "2"]
[White "Asavasaetakul, Chawit"]
[Black "Chabane, Lina"]
[Result "1/2-1/2"]
[WhiteElo "1656"]
[BlackElo "1326"]
[Annotator "NA RC"]
[PlyCount "198"]
[EventDate "2018.11.25"]
[EventType "team-tourn"]
[EventCountry "TUR"]
[SourceTitle "playchess.com"]
[Source "ChessBase"]
[SourceQuality "1"]
[WhiteTeam "Thailand"]
[BlackTeam "Algeria"]
[WhiteTeamCountry "THA"]
[BlackTeamCountry "ALG"]

1. e4 c5 2. c3 Nf6 3. e5 Nd5 4. d4 cxd4 5. cxd4 e6 6. Nf3 Be7 7. Bc4 Nb6 8. Bd3 d6 9. O-O Nc6 10. a3 f5 11. exf6 Bxf6 12. Nc3 d5 13. Bc2 Qc7 14. Nb5 Qd8 15. Bf4 O-O 16. Qd3 g6 17. g3 Nd7 18. Bc7 Qe8 19. Bd6 Nb6 20. Bxf8 Qxf8 21. Rfe1 Qf7 22. Nd6 Qe7 23. Nxc8 Rxc8 24. Rac1 Rf8 25. Kg2 Qf7 26. Qe3 e5 27. dxe5 Bg7 28. e6 Qf6 29. b3 d4 30. Qe2 Nd5 31. Be4 Nde7 32. Bd3 Nd5 33. Bc4 Nce7 34. Qe4 Nc3 35. Qd3 Bh6 36. Rc2 b5 37. Rxc3 dxc3 38. Bxb5 c2 39. Qxc2 Qxf3+ 40. Kg1 Bg7 41. Re3 Qf6 42. Re1 Rc8 43. Qe4 Rf8 44. Qe2 Qf5 45. Bc4 Bd4 46. Rf1 h5 47. Qd2 Rd8 48. Qb4 Qc5 49. Qxc5 Bxc5 50. a4 Kg7 51. Kg2 a5 52. h3 Rd2 53. g4 Nc6 54. Kg3 Ne5 55. Bb5 Rb2 56. Kf4 Kf6 57. Bd7 g5+ 58. Ke4 hxg4 59. hxg4 Nxg4 60. f4 Rf2 61. fxg5+ Kxg5 62. Rxf2 Nxf2+ 63. Kd5 Bb4 64. Kc6 Kf6 65. Kd5 Ke7 66. Bb5 Ng4 67. Be2 Nf6+ 68. Ke5 Ne8 69. Bc4 Ng7 70. Bd5 Bc3+ 71. Ke4 Nxe6 72. Bc4 Nc5+ 73. Kd5 Bb4 74. Kc6 Kf6 75. Kd5 Kf5 76. Kd4 Kf4 77. Bd5 Kg3 78. Ke3 Nd7 79. Bc4 Ne5 80. Bd5 Ng4+ 81. Kd3 Kf2 82. Bg8 Ne3 83. Bf7 Ng4 84. Bg8 Ke1 85. Kc2 Ne3+ 86. Kd3 Nd1 87. Bf7 Nf2+ 88. Kc2 Ke2 89. Bh5+ Ke3 90. Bg6 Ng4 91. Bf7 Ne5 92. Bg8 Nd3 93. Bc4 Ne1+ 94. Kd1 Kd4 95. Bb5 Ng2 96. Kc2 Ne3+ 97. Kb2 Kc5 98. Be8 Kd4 99. Bb5 Ke4 1/2-1/2

[Event "World Youth U-16 Olympiad 2018"]
[Site "Konya"]
[Date "2018.11.26"]
[Round "2"]
[White "Cui, Leonardo"]
[Black "Karibaev, Dimash"]
[Result "0-1"]
[WhiteElo "1569"]
[BlackElo "1460"]
[Annotator "NA RC"]
[PlyCount "70"]
[EventDate "2018.11.25"]
[EventType "team-tourn"]
[EventCountry "TUR"]
[SourceTitle "playchess.com"]
[Source "ChessBase"]
[SourceQuality "1"]
[WhiteTeam "Canada"]
[BlackTeam "Kazakhstan"]
[WhiteTeamCountry "CAN"]
[BlackTeamCountry "KAZ"]

1. d4 e6 2. Nf3 f5 3. Bg5 Nf6 4. Nbd2 Be7 5. c3 d5 6. e3 O-O 7. Bd3 Ne4 8. Bxe7 Qxe7 9. Ne5 Nd7 10. O-O Nxe5 11. dxe5 Bd7 12. f3 Ng5 13. Kh1 Nf7 14. e4 Nxe5 15. Bc2 Bb5 16. Re1 fxe4 17. fxe4 Rf2 18. Rg1 Qg5 19. Nf3 Nxf3 20. gxf3 Qh6 21. Rg2 Rf1+ 22. Qxf1 Bxf1 23. Rxf1 Rd8 24. Rd1 Qf6 25. Rf2 d4 26. Rd3 c5 27. Bb3 b5 28. c4 b4 29. Bd1 e5 30. Be2 Qa6 31. a3 Qxc4 32. Rc3 Qxe2 33. Rxe2 dxc3 34. bxc3 bxc3 35. Rc2 Rd1+ 0-1

[Event "World Youth U-16 Olympiad 2018"]
[Site "Konya"]
[Date "2018.11.26"]
[Round "2"]
[White "Kerimkulov, Omurbek"]
[Black "Davtyan, Artur"]
[Result "0-1"]
[WhiteElo "1557"]
[BlackElo "2374"]
[Annotator "TA"]
[PlyCount "72"]
[EventDate "2018.11.25"]
[EventType "team-tourn"]
[EventCountry "TUR"]
[SourceTitle "playchess.com"]
[Source "ChessBase"]
[SourceQuality "1"]
[WhiteTeam "Kyrgyzstan"]
[BlackTeam "Armenia"]
[WhiteTeamCountry "KGZ"]
[BlackTeamCountry "ARM"]

1. e4 b6 2. d4 Bb7 3. Nc3 e6 4. Nf3 Bb4 5. Bd3 Nf6 6. Bg5 h6 7. Bh4 g5 8. Bg3 Nxe4 9. Bxe4 Bxe4 10. O-O Bxc3 11. bxc3 d6 12. Re1 Bd5 13. c4 Bxc4 14. d5 O-O 15. dxe6 fxe6 16. h4 Bd5 17. Nd4 Qf6 18. hxg5 hxg5 19. Qg4 e5 20. Nf3 Qf5 21. Qh5 Bxf3 22. gxf3 Nc6 23. Re4 Nd4 24. Rg4 Nxf3+ 25. Kg2 Kg7 26. Rc4 c5 27. Rc3 e4 28. Qh3 g4 29. Qh1 d5 30. Qd1 d4 31. Ra3 e3 32. fxe3 Qe4 33. Qe2 Ng5+ 34. Kg1 Nh3+ 35. Kh2 Rh8 36. Be5+ Qxe5+ 0-1

[Event "World Youth U-16 Olympiad 2018"]
[Site "Konya"]
[Date "2018.11.26"]
[Round "2"]
[White "Iskakbaev, Ibraim"]
[Black "Li, William"]
[Result "0-1"]
[WhiteElo "1522"]
[BlackElo "2077"]
[Annotator "NA RC"]
[PlyCount "77"]
[EventDate "2018.11.25"]
[EventType "team-tourn"]
[EventCountry "TUR"]
[SourceTitle "playchess.com"]
[Source "ChessBase"]
[SourceQuality "1"]
[WhiteTeam "Kazakhstan"]
[BlackTeam "Canada"]
[WhiteTeamCountry "KAZ"]
[BlackTeamCountry "CAN"]

1. d4 Nf6 2. Nf3 b6 3. g3 Bb7 4. Bg2 e6 5. O-O c5 6. e3 Nc6 7. c4 cxd4 8. exd4 d5 9. Nc3 dxc4 10. Ne5 Rc8 11. Qa4 Nd5 12. Re1 Be7 13. Bf4 a6 14. Nxc4 b5 15. Nxb5 axb5 16. Qxb5 Ba8 17. Bxd5 Qxd5 18. Qxd5 exd5 19. Nb6 O-O 20. Nxc8 Rxc8 21. Rac1 Bf6 22. b4 g5 23. Be5 Bxe5 24. Rxe5 Rd8 25. Rxg5+ Kf8 26. Rg4 Nxb4 27. a3 Nc6 28. Rc5 Ke7 29. Rb5 Rd7 30. Rf4 Ke6 31. Rb6 Ra7 32. Rf3 Ra4 33. Rd3 Kd6 34. Rf3 Rxd4 35. Rxf7 Rd1+ 36. Kg2 d4 37. Ra6 d3 38. Kf3 Re1 39. Rxa8 0-1